| 000 | 00523nam a2200169Ia 4500 | ||
|---|---|---|---|
| 999 |
_c1648 _d1648 |
||
| 008 | 141014s9999||||xx |||||||||||||| ||und|| | ||
| 010 | _a1498 | ||
| 020 | _aSISBN | ||
| 040 | _aANE | ||
| 041 | _aEs | ||
| 082 | _a020 O68 T20 | ||
| 100 | _aOrganización de las Naciones Unidas para la Educación la Ciencia y la Cultura | ||
| 245 |
_aBoletín de la Unesco para las Bibliotecas Indice 1956-1958 _cOrganización de las Naciones Unidas para la Educación la Ciencia y la Cultura |
||
| 250 | _aS/E | ||
| 260 |
_aParis, Francia _c1966 _bUNESCO Publishing |
||
| 300 |
_a356 p _c14 cm |
||
| 942 |
_cBK _2ddc _zNr. |
||